| 000 | 00800nam a2200229 a 4500 | ||
|---|---|---|---|
| 001 | 56294 | ||
| 003 | BD-RjUL | ||
| 005 | 20211209080358.0 | ||
| 008 | 161128s1968 ii ||||| |||| 00| 0 ben d | ||
| 020 | _c: IRs 3.75 | ||
| 035 | _a(BD-RjUL)56418 | ||
| 040 |
_aBD-RjUL _bben _cBD-RjUL |
||
| 041 | _aben | ||
| 082 |
_223 _a891.443 _bBAN 1968 |
||
| 100 |
_aবড়ুয়া, অনিল _9167337 |
||
| 245 | 1 | 0 |
_aনিশুতি রাত কাঁদে / _cঅনিল বড়ুয়া |
| 260 |
_aঢাকা : _bইস্টার্ণ বুক হাউস, _c১৯৬৮ [১৩৭৫] |
||
| 300 |
_a১৫৫ পৃ. ; _c২১ সেমি . |
||
| 650 |
_aবাংলা উপন্যাস _9167507 |
||
| 650 |
_aBengali Fictions _9167508 |
||
| 942 |
_2ddc _cBK |
||
| 999 |
_c56294 _d56294 |
||